00601nam a22001937a 4500003000900000008004100009020001800050040007100068082001800139100001900157245002700176260003400203300002600237440005400263505002200317650002100339650001300360700003400373AR-CdUCM190306b ||||| |||| 00| 0 spa d a84-02-07134-1 aMUNICIPALIDAD PROVINCIAL DEL CUSCOcBIBLIOTECA MUNICIPAL DEL CUSCO a828.91 /bC81 aConrad, Joseph aLa Línea de Sombra / aEspaña :bBruguera ;c1980. a168 páginas ;c18cm aColección de Literatura Universal Bruguera n17 aContenido: Novela aNovelas inglesas aSiglo XX aBaeza, Ricardo (traducción)